[Event "XV Festival A"]
[Site "Trieste ITA"]
[Date "2013.09.05"]
[Round "7"]
[White "Visintin, Roberto"]
[Black "Ioffe, Ilya"]
[WhiteElo "2098"]
[BlackElo "1979"]
[Result "1-0"]
[PlyCount "127"]
[EventDate "2013.08.31"]

1. d4 d5 2. Nf3 Nc6 3. Bf4 Bg4 4. Nbd2 e6 5. c3 Bd6 6. Bg3 Nf6 7. Qa4 O-O 8.
Ne5 Ne7 9. Bh4 Bh5 10. Bxf6 gxf6 11. Nd7 Nc8 12. Nxf8 Kxf8 13. Nf3 Nb6 14. Qc2
Bg6 15. Qc1 c5 16. Qh6+ Kg8 17. e3 cxd4 18. exd4 Nc4 19. Bxc4 dxc4 20. O-O Qb6
21. Qd2 Kh8 22. Rfe1 Rg8 23. b3 Qc6 24. bxc4 Be4 25. Rxe4 Qxe4 26. Qe3 Qg4 27.
g3 f5 28. Ne5 Qg7 29. Re1 Bb8 30. Qf3 b6 31. Qb7 Bxe5 32. Rxe5 f4 33. Qf3 fxg3
34. hxg3 Rc8 35. c5 bxc5 36. Rxc5 Rb8 37. Kg2 h6 38. Rc7 Kg8 39. Rxa7 Rb2 40.
Qe4 Rb8 41. Ra5 Qf6 42. a4 Rb2 43. Ra8+ Kg7 44. Qg4+ Qg6 45. Qxg6+ Kxg6 46. Rc8
Ra2 47. Rc4 Kf5 48. Kf3 h5 49. Rc5+ Kg6 50. a5 f6 51. Ke3 f5 52. Rc6 Kf6 53. a6
Ke7 54. Rb6 Kd7 55. c4 Ra3+ 56. Kf4 Ra4 57. Ke5 Rxc4 58. Rb7+ Kc6 59. Re7 Ra4
60. Rxe6+ Kb5 61. Kxf5 Rxd4 62. a7 Rd8 63. Kg5 Rh8 64. Rh6 1-0

[Event "XV Festival A"]
[Site "Trieste ITA"]
[Date "2013.09.05"]
[Round "7"]
[White "Zuttioni, Federico"]
[Black "Cretnik, Urban"]
[WhiteElo "2068"]
[BlackElo "1924"]
[Result "1-0"]
[PlyCount "59"]
[EventDate "2013.08.31"]

1. e4 c5 2. Nf3 Nc6 3. d3 g6 4. g3 Bg7 5. Bg2 e5 6. O-O Nge7 7. Be3 d6 8. Qc1
O-O 9. Bh6 Be6 10. Bxg7 Kxg7 11. Nbd2 h6 12. c3 f5 13. Qd1 Qc7 14. Re1 f4 15.
d4 cxd4 16. cxd4 exd4 17. Nb3 Bxb3 18. Qxb3 fxg3 19. hxg3 Rf6 20. Rf1 g5 21.
Rad1 Qb6 22. Qxb6 axb6 23. Nxd4 Rxa2 24. Nb5 Rxb2 25. Nxd6 Ne5 26. Ne8+ Kf7 27.
Nxf6 Kxf6 28. Rb1 Rxb1 29. Rxb1 Nc4 30. Rb4 1-0

[Event "XV Festival A"]
[Site "Trieste ITA"]
[Date "2013.09.06"]
[Round "8"]
[White "Armstrong, Malcolm J."]
[Black "Solomon, Kenny"]
[WhiteElo "2014"]
[BlackElo "2372"]
[Result "0-1"]
[PlyCount "106"]
[EventDate "2013.08.31"]

1. d4 d6 2. e4 Nf6 3. Nc3 g6 4. Nf3 Bg7 5. h3 O-O 6. Be3 a6 7. a4 Nc6 8. Qd2 e5
9. dxe5 dxe5 10. Qxd8 Rxd8 11. Bc4 Be6 12. Bxe6 fxe6 13. Rd1 Rxd1+ 14. Kxd1 b5
15. Ng5 Nd4 16. Ne2 h6 17. Bxd4 exd4 18. Nxe6 Nxe4 19. Kc1 d3 20. cxd3 Nxf2 21.
Rf1 Nxd3+ 22. Kc2 Nb4+ 23. Kb3 Re8 24. N2f4 Nd5 25. Nxg7 Re3+ 26. Kc2 Nxf4 27.
Rxf4 Kxg7 28. axb5 axb5 29. Rf2 c5 30. Kd2 Rb3 31. Kc2 Rg3 32. Kd1 Re3 33. Kd2
Re5 34. Kd3 Rf5 35. Rc2 Kf6 36. Ke3 Kg5 37. g3 h5 38. Rg2 Kf6 39. Rg1 Ke6 40.
Rd1 Re5+ 41. Kf3 Rf5+ 42. Ke3 Rd5 43. Ra1 Re5+ 44. Kd3 Kd5 45. Rg1 c4+ 46. Kd2
Kc5 47. Rf1 Rf5 48. Rg1 Rf2+ 49. Kc1 Kb4 50. Re1 Rf3 51. Rg1 Kb3 52. h4 Rf2 53.
g4 Rc2+ 0-1

[Event "XV Festival A"]
[Site "Trieste ITA"]
[Date "2013.09.06"]
[Round "8"]
[White "Capaliku, Aleks"]
[Black "Pregarac, Valter"]
[WhiteElo "2140"]
[BlackElo "2135"]
[Result "0-1"]
[PlyCount "56"]
[EventDate "2013.08.31"]

1. f4 d5 2. Nf3 g6 3. e3 Bg7 4. d4 c5 5. c3 Qc7 6. Bd3 Nh6 7. O-O O-O 8. h3 Bf5
9. g4 Bxd3 10. Qxd3 Nd7 11. b3 Rac8 12. Bd2 a6 13. Na3 e6 14. Nc2 Kh8 15. Kg2
f6 16. Nh2 Rcd8 17. Rf2 Qc6 18. h4 e5 19. Rh1 exd4 20. exd4 Rde8 21. g5 Nf5 22.
Ng4 Re4 23. h5 fxg5 24. h6 Bf6 25. Nxf6 Nxf6 26. fxg5 Rg4+ 27. Kh3 Rg3+ 28.
Qxg3 Nxg3 0-1

[Event "XV Festival A"]
[Site "Trieste ITA"]
[Date "2013.09.06"]
[Round "8"]
[White "Chetverik, Maxim"]
[Black "Visintin, Roberto"]
[WhiteElo "2260"]
[BlackElo "2098"]
[Result "1/2-1/2"]
[PlyCount "56"]
[EventDate "2013.08.31"]

1. d4 Nf6 2. c4 e6 3. Nf3 b6 4. g3 Bb7 5. Bg2 Be7 6. O-O O-O 7. Re1 Na6 8. a3
c5 9. d5 exd5 10. Nh4 Re8 11. cxd5 d6 12. e4 Bf8 13. b3 Nc7 14. Bb2 a5 15. a4
b5 16. Na3 bxa4 17. bxa4 Na6 18. Qf3 Nd7 19. Qc3 Nb6 20. Nb5 Bc8 21. f4 Nb4 22.
Bf1 Rb8 23. Na7 Bd7 24. Bb5 Qc7 25. Nf5 f6 26. Nh6+ Kh8 27. Nf7+ Kg8 28. Nh6+
Kh8 1/2-1/2

[Event "XV Festival A"]
[Site "Trieste ITA"]
[Date "2013.09.06"]
[Round "8"]
[White "Eggleston, David J."]
[Black "Bosiocic, Marin"]
[WhiteElo "2363"]
[BlackElo "2563"]
[Result "0-1"]
[PlyCount "134"]
[EventDate "2013.08.31"]

1. e4 c5 2. Nf3 d6 3. d4 cxd4 4. Nxd4 Nf6 5. Nc3 Bd7 6. Bg5 e6 7. Qd2 a6 8. f4
h6 9. Bxf6 Qxf6 10. O-O-O Nc6 11. Nf3 Qd8 12. g4 g5 13. h4 gxf4 14. Qxf4 Qc7
15. Be2 Ne5 16. Rhf1 Rh7 17. g5 Bg7 18. Qd2 O-O-O 19. Qxd6 Qxd6 20. Rxd6 Nxf3
21. Rxf3 Be5 22. Rd1 hxg5 23. hxg5 Rg8 24. Rdf1 Be8 25. Nd1 Rxg5 26. Bd3 Kd8
27. Ne3 Ke7 28. Nc4 Bc7 29. e5 Rh4 30. Re1 b5 31. Nd6 Bxd6 32. exd6+ Kxd6 33.
b3 Rh2 34. Kb2 Rgg2 35. Rd1 Rd2 36. Rg1 f5 37. Kc1 Bc6 38. Rff1 Rdg2 39. Rxg2
Rxg2 40. Kb2 Kc5 41. a4 Bd7 42. axb5 axb5 43. Kc3 b4+ 44. Kb2 Rg4 45. Rf2 Rd4
46. Bc4 e5 47. c3 bxc3+ 48. Kxc3 Rh4 49. b4+ Kc6 50. Rg2 Rh3+ 51. Kd2 Rh6 52.
Rg5 Kd6 53. Rg7 Be6 54. Be2 Rh2 55. Ke1 Rh1+ 56. Kd2 Rb1 57. Rb7 Rb2+ 58. Ke1
e4 59. b5 f4 60. Rb6+ Ke5 61. Rb8 f3 62. Bf1 f2+ 63. Kd1 Rb1+ 64. Ke2 Bc4+ 65.
Kxf2 Rxf1+ 66. Ke3 Rf3+ 67. Kd2 Rb3 0-1

[Event "XV Festival A"]
[Site "Trieste ITA"]
[Date "2013.09.06"]
[Round "8"]
[White "Ivanovic, Andrej"]
[Black "Tonel, Giulia"]
[WhiteElo "2143"]
[BlackElo "1973"]
[Result "1-0"]
[PlyCount "77"]
[EventDate "2013.08.31"]

1. d4 Nf6 2. c4 g6 3. Nc3 Bg7 4. e4 d6 5. f4 c5 6. d5 O-O 7. Nf3 e6 8. dxe6
Bxe6 9. Bd3 Nc6 10. O-O Bg4 11. h3 Bxf3 12. Qxf3 a6 13. Be3 Re8 14. Rad1 Nd4
15. Qf2 b5 16. cxb5 axb5 17. Nxb5 Rxe4 18. Nxd4 Rxe3 19. Qxe3 Nd5 20. Nc6 Nxe3
21. Nxd8 Rxd8 22. b3 d5 23. Rc1 Bd4 24. Rf3 c4 25. Bb1 c3 26. Kh2 Rc8 27. Bd3
Bb6 28. Kg3 d4 29. Rxe3 dxe3 30. Kf3 Re8 31. Rxc3 Bd4 32. Rc2 Rd8 33. b4 Ba7
34. Ke2 Rd4 35. Rc4 Rd5 36. a4 h5 37. h4 Kh7 38. g3 Bb8 39. Kxe3 1-0

[Event "XV Festival A"]
[Site "Trieste ITA"]
[Date "2013.09.06"]
[Round "8"]
[White "Janzelj, Tim"]
[Black "Gleizerov, Evgeny"]
[WhiteElo "2242"]
[BlackElo "2567"]
[Result "0-1"]
[PlyCount "94"]
[EventDate "2013.08.31"]

1. d4 e6 2. c4 f5 3. g3 Nf6 4. Bg2 d5 5. Nf3 Be7 6. O-O O-O 7. b3 b6 8. Ne5 Bb7
9. Bb2 Nbd7 10. Nd3 Bd6 11. Nd2 Qe7 12. Qc2 Ne4 13. Rac1 c5 14. dxc5 bxc5 15.
e3 Rac8 16. Nf3 Rfd8 17. Rfd1 Qf7 18. Nfe5 Nxe5 19. Bxe5 dxc4 20. Qxc4 Ng5 21.
Bxd6 Bxg2 22. Kxg2 Qb7+ 23. Kf1 Rxd6 24. Ne5 Rxd1+ 25. Rxd1 Qh1+ 26. Ke2 Qxh2
27. Qh4 Qxh4 28. gxh4 Ne4 29. Rd7 a6 30. a3 Rb8 31. f3 Nc3+ 32. Kd3 Nd5 33. e4
Nf6 34. Ra7 fxe4+ 35. fxe4 h5 36. Kc4 Nxe4 37. Rxa6 Nd2+ 38. Kxc5 Rxb3 39. Rxe6
Rxa3 40. Nd7 Ra4 41. Re8+ Kf7 42. Rh8 Nb3+ 43. Kd5 Rd4+ 44. Kc6 Rxh4 45. Ne5+
Ke6 46. Re8+ Kf5 47. Nf3 Nd4+ 0-1

[Event "XV Festival A"]
[Site "Trieste ITA"]
[Date "2013.09.06"]
[Round "8"]
[White "Kolesar, Milan"]
[Black "Zuttioni, Federico"]
[WhiteElo "2141"]
[BlackElo "2068"]
[Result "1/2-1/2"]
[PlyCount "69"]
[EventDate "2013.08.31"]

1. Nf3 Nf6 2. c4 c5 3. Nc3 Nc6 4. d4 cxd4 5. Nxd4 g6 6. e4 Bg7 7. Be3 Ng4 8.
Qxg4 Nxd4 9. Qd1 e5 10. Bd3 O-O 11. O-O d6 12. Qd2 Be6 13. b3 Qh4 14. Bg5 Qh5
15. f3 Rae8 16. Rad1 f5 17. Be3 a6 18. Rf2 Rd8 19. Bb1 Rd7 20. Bxd4 exd4 21.
Ne2 fxe4 22. Bxe4 d5 23. cxd5 Bxd5 24. Nf4 Rxf4 25. Qxf4 Be5 26. Bxd5+ Rxd5 27.
Qe4 Bxh2+ 28. Kf1 Bg3 29. Qe8+ Kg7 30. Qe7+ Kh6 31. Qf8+ Kg5 32. Qe7+ Kh6 33.
Qf8+ Kg5 34. Qe7+ Kh6 35. Qf8+ 1/2-1/2

[Event "XV Festival A"]
[Site "Trieste ITA"]
[Date "2013.09.06"]
[Round "8"]
[White "Linder, Oliver"]
[Black "Al Zayat, Ahmed"]
[WhiteElo "1983"]
[BlackElo "2109"]
[Result "1/2-1/2"]
[PlyCount "125"]
[EventDate "2013.08.31"]

1. d4 Nf6 2. Bf4 e6 3. e3 b6 4. Nf3 Be7 5. h3 Bb7 6. Bd3 d6 7. O-O O-O 8. c4
Nbd7 9. Nc3 Re8 10. Qc2 Nf8 11. e4 Ng6 12. Bh2 Nh5 13. Qd2 e5 14. dxe5 dxe5 15.
Nxe5 Bg5 16. f4 Nxe5 17. fxg5 Qd4+ 18. Kh1 Nxd3 19. Rad1 Rad8 20. Nd5 c6 21.
Qxd3 Qxd3 22. Rxd3 cxd5 23. g4 Rxe4 24. gxh5 Re2 25. Kg1 Rxb2 26. Rd4 Re8 27.
cxd5 Ree2 28. Bf4 Rg2+ 29. Kh1 Rxa2 30. Re1 h6 31. Re8+ Kh7 32. gxh6 Rgf2 33.
Kg1 Ba6 34. Re1 gxh6 35. Be5 Rg2+ 36. Kh1 Rg5 37. Rg4 Bb7 38. Rxg5 Bxd5+ 39.
Kg1 hxg5 40. Rd1 Be6 41. Rd8 f6 42. Bxf6 Bg8 43. Rd7+ Kh6 44. Rd8 Bh7 45. Rd5
Kxh5 46. Rxg5+ Kh6 47. h4 Bg6 48. Re5 a5 49. Rb5 Be4 50. Rxb6 a4 51. Rb4 Bf5
52. Kf1 Kh5 53. Ke1 Be6 54. Rb1 Kg6 55. Be7 Rh2 56. Rb6 Kf7 57. Bd6 Rxh4 58.
Kd2 Rh3 59. Ra6 Bd7 60. Bc5 Bb5 61. Rb6 Bf1 62. Rb4 Rd3+ 63. Ke1 1/2-1/2

[Event "XV Festival A"]
[Site "Trieste ITA"]
[Date "2013.09.06"]
[Round "8"]
[White "Matijevic, Filip"]
[Black "Ioffe, Evgeny"]
[WhiteElo "2136"]
[BlackElo "2029"]
[Result "1-0"]
[PlyCount "59"]
[EventDate "2013.08.31"]

1. e4 c6 2. d4 d5 3. Nc3 dxe4 4. Nxe4 Bf5 5. Ng3 Bg6 6. h4 h6 7. Nf3 Nd7 8. h5
Bh7 9. Bd3 Bxd3 10. Qxd3 e6 11. Bd2 Ngf6 12. O-O-O Qc7 13. Ne4 O-O-O 14. g3
Nxe4 15. Qxe4 Nf6 16. Qe2 Bd6 17. c4 c5 18. Bc3 Rhe8 19. Kb1 cxd4 20. Nxd4 a6
21. Nb3 Qc6 22. Rhe1 Rd7 23. c5 Be7 24. Rxd7 Qxd7 25. c6 bxc6 26. Na5 Qa7 27.
Nxc6 Qb6 28. Rc1 Kb7 29. Na5+ Ka7 30. Bd4 1-0

[Event "XV Festival A"]
[Site "Trieste ITA"]
[Date "2013.09.06"]
[Round "8"]
[White "Mazi, Leon"]
[Black "Srebrnic, Vojko"]
[WhiteElo "2368"]
[BlackElo "2202"]
[Result "1-0"]
[PlyCount "51"]
[EventDate "2013.08.31"]

1. e4 c5 2. b3 Nc6 3. Bb2 e5 4. Nf3 d6 5. Bb5 Nf6 6. Bxc6+ bxc6 7. d3 Be7 8.
Nbd2 Nd7 9. Nf1 Nf8 10. Ne3 Ne6 11. O-O O-O 12. g3 g6 13. Ne1 f5 14. exf5 gxf5
15. f4 e4 16. dxe4 fxe4 17. f5 Ng7 18. Ng4 Bg5 19. h4 h5 20. hxg5 Qxg5 21. Nh2
Nxf5 22. Ng2 Be6 23. g4 Nh4 24. Qxd6 Bxg4 25. Bf6 Nf3+ 26. Rxf3 1-0

[Event "XV Festival A"]
[Site "Trieste ITA"]
[Date "2013.09.06"]
[Round "8"]
[White "Mchedlishvili, Mikheil"]
[Black "Beletic, Daniel"]
[WhiteElo "2633"]
[BlackElo "2249"]
[Result "1-0"]
[PlyCount "73"]
[EventDate "2013.08.31"]

1. d4 Nf6 2. Nf3 c5 3. d5 g6 4. c4 b5 5. cxb5 a6 6. b6 Qxb6 7. Nc3 d6 8. e4 Bg7
9. Be2 O-O 10. Nd2 Nbd7 11. Nc4 Qa7 12. a4 Nb6 13. Na3 Rb8 14. O-O Re8 15. Bf4
Bd7 16. Rc1 Red8 17. b3 Be8 18. Kh1 Rb7 19. Qc2 Rdb8 20. Bd2 Na8 21. Rb1 Nc7
22. Nc4 Rd8 23. f4 e6 24. Bf3 exd5 25. exd5 Qb8 26. f5 Na8 27. Bg5 Nb6 28. Na5
Ra7 29. Rbd1 Qc8 30. fxg6 fxg6 31. Nc6 Bxc6 32. dxc6 Kh8 33. a5 Na8 34. Ne4
Nxe4 35. Bxd8 Nc3 36. Bb6 Nxd1 37. Qxd1 1-0

[Event "XV Festival A"]
[Site "Trieste ITA"]
[Date "2013.09.06"]
[Round "8"]
[White "Mocchi, Tullio"]
[Black "Cherin, Diego"]
[WhiteElo "2245"]
[BlackElo "2239"]
[Result "1-0"]
[PlyCount "83"]
[EventDate "2013.08.31"]

1. e4 c5 2. Nc3 e6 3. f4 d5 4. e5 Ne7 5. Nf3 Ng6 6. d3 Nc6 7. g3 f6 8. exf6
gxf6 9. Bg2 h5 10. O-O h4 11. Re1 hxg3 12. hxg3 Nge7 13. Nh4 a6 14. Ne2 d4 15.
c3 Qb6 16. c4 Bd7 17. f5 e5 18. Be4 O-O-O 19. Rf1 Bh6 20. Bxh6 Rxh6 21. Qd2
Rdh8 22. Rf3 Nd8 23. Raf1 Nf7 24. Ng6 Nxg6 25. fxg6 Ng5 26. Rxf6 Nxe4 27. Qxh6
Qxf6 28. Rxf6 Rxh6 29. dxe4 Rh8 30. g7 Rd8 31. Nc1 Kc7 32. Nd3 Rg8 33. Rg6 b5
34. b3 bxc4 35. bxc4 Ba4 36. Nxc5 Bc2 37. Kf2 a5 38. a3 Bb1 39. Ke1 Ba2 40. Nd3
Bxc4 41. Nxe5 Bb3 42. Ng4 1-0

[Event "XV Festival A"]
[Site "Trieste ITA"]
[Date "2013.09.06"]
[Round "8"]
[White "Scholzen, Wolfgang"]
[Black "Basso, Pier Luigi"]
[WhiteElo "2138"]
[BlackElo "2208"]
[Result "0-1"]
[PlyCount "80"]
[EventDate "2013.08.31"]

1. d4 c5 2. e3 g6 3. Nf3 Bg7 4. Bd3 Nc6 5. d5 Nb4 6. Be2 Nf6 7. c4 d6 8. a3 Na6
9. O-O O-O 10. Nc3 Nc7 11. a4 Rb8 12. e4 a6 13. a5 b5 14. axb6 Rxb6 15. Qc2 Ng4
16. h3 Ne5 17. Nxe5 Bxe5 18. Bh6 Re8 19. Kh1 f5 20. f4 Bg7 21. Bxg7 Kxg7 22.
Bd3 e6 23. Rae1 exd5 24. exd5 Rxe1 25. Rxe1 Qh4 26. Qe2 Kf7 27. Nd1 Bd7 28. Qd2
Rb4 29. Kh2 Ba4 30. g3 Qf6 31. Nc3 Bb3 32. Qe2 Rb8 33. Qf2 h5 34. Kg2 a5 35.
Ra1 a4 36. Re1 a3 37. Qd2 Qd4 38. bxa3 Bxc4 39. Rd1 Bxd3 40. Qxd3 Rb2+ 0-1

[Event "XV Festival A"]
[Site "Trieste ITA"]
[Date "2013.09.06"]
[Round "8"]
[White "Tomazini, Zan"]
[Black "Bruno, Fabio"]
[WhiteElo "2302"]
[BlackElo "2421"]
[Result "1-0"]
[PlyCount "131"]
[EventDate "2013.08.31"]

1. e4 c5 2. c3 d5 3. exd5 Qxd5 4. d4 Nf6 5. Nf3 e6 6. Na3 a6 7. Nc4 Nbd7 8. a4
b6 9. Be2 Bb7 10. O-O cxd4 11. Qxd4 Qxd4 12. Nxd4 Nd5 13. Bf3 Bc5 14. Nb3 Be7
15. Re1 O-O-O 16. Nbd2 N5f6 17. Bxb7+ Kxb7 18. Nf3 Nd5 19. Ng5 Bxg5 20. Bxg5 f6
21. Bh4 Nf8 22. Rad1 Kc7 23. Bg3+ Kc6 24. Nxb6 Kxb6 25. c4 e5 26. cxd5 Ng6 27.
f3 Rd7 28. Re3 Rhd8 29. Rb3+ Ka7 30. Rc1 Rb7 31. Bf2+ Kb8 32. Rxb7+ Kxb7 33.
Rc6 Rxd5 34. Rb6+ Kc7 35. g3 a5 36. Ra6 Ne7 37. Ra7+ Kd6 38. Be1 Nc6 39. Rxg7
Rd4 40. Bc3 Rxa4 41. Rxh7 Nd4 42. Kf2 Nb5 43. h4 Nxc3 44. bxc3 Rc4 45. Ra7 Ke6
46. Rxa5 Rxc3 47. g4 Rc7 48. Ra6+ Kf7 49. Kg3 Kg7 50. g5 fxg5 51. hxg5 Rf7 52.
Ra4 Rb7 53. Ra5 Re7 54. Ra6 e4 55. f4 e3 56. Ra1 Kg6 57. Kf3 e2 58. Re1 Kf5 59.
Rxe2 Ra7 60. Re5+ Kg6 61. Kg4 Rb7 62. f5+ Kg7 63. Kh5 Rb2 64. Re7+ Kf8 65. f6
Kg8 66. Kg6 1-0

[Event "XV Festival A"]
[Site "Trieste ITA"]
[Date "2013.09.06"]
[Round "8"]
[White "Trussevich, Sergey"]
[Black "Sirnik, Bostjan"]
[WhiteElo "2328"]
[BlackElo "2211"]
[Result "1-0"]
[PlyCount "75"]
[EventDate "2013.08.31"]

1. Nf3 d6 2. g3 e5 3. Bg2 Be7 4. c4 f5 5. d3 Nf6 6. Nc3 O-O 7. O-O Qe8 8. b4 h6
9. Qb3 Kh8 10. a4 a5 11. Nb5 Bd8 12. bxa5 Nc6 13. Ba3 Qh5 14. Qb2 f4 15. e3 Bg4
16. Nd2 f3 17. Bh1 Nh7 18. Rfb1 Ng5 19. Ne4 Nh3+ 20. Kf1 Nf4 21. exf4 Qxh2 22.
Ke1 exf4 23. gxf4 Rxf4 24. Nbc3 Ne5 25. Kd2 Bh4 26. Qxb7 Re8 27. Rf1 Bh3 28. a6
Bxf1 29. Rxf1 Ng4 30. Nd1 Rfxe4 31. Bxf3 Qf4+ 32. Ne3 Nxe3 33. fxe3 Rxe3 34.
Kc2 Re2+ 35. Kb3 Qd2 36. Bxe2 Rxe2 37. Qc8+ Bd8 38. Rf8+ 1-0

[Event "XV Festival A"]
[Site "Trieste ITA"]
[Date "2013.09.06"]
[Round "8"]
[White "Ulibin, Mikhail"]
[Black "Oparin, Grigoriy"]
[WhiteElo "2553"]
[BlackElo "2504"]
[Result "1/2-1/2"]
[PlyCount "48"]
[EventDate "2013.08.31"]

1. e4 c5 2. Nf3 d6 3. Bc4 Nf6 4. d3 Nc6 5. c3 e6 6. Bb3 Be7 7. O-O O-O 8. Re1
b5 9. d4 Bb7 10. Qe2 cxd4 11. cxd4 b4 12. Nbd2 Rc8 13. Nf1 Na5 14. Bc2 b3 15.
axb3 Qc7 16. Bg5 Qxc2 17. Rxa5 a6 18. Bxf6 Bxf6 19. Qxc2 Rxc2 20. Ne3 Rxb2 21.
Nc4 Rxb3 22. Nxd6 Ra8 23. Ne5 Rb6 24. Nxb7 Bxe5 1/2-1/2

[Event "XV Festival A"]
[Site "Trieste ITA"]
[Date "2013.09.06"]
[Round "8"]
[White "Vezzani, Stefano"]
[Black "Suc, Timothy"]
[WhiteElo "2162"]
[BlackElo "2130"]
[Result "1-0"]
[PlyCount "129"]
[EventDate "2013.08.31"]

1. e4 e5 2. Nf3 Nc6 3. Nc3 Nf6 4. g3 d5 5. exd5 Nxd5 6. Bg2 Bg4 7. h3 Bxf3 8.
Qxf3 Ndb4 9. Qe4 Qd7 10. g4 g6 11. g5 Qf5 12. Qxf5 gxf5 13. Bxc6+ Nxc6 14. Ne2
Nb4 15. Kd1 O-O-O 16. a3 Nc6 17. b3 h6 18. gxh6 Bxh6 19. d3 e4 20. Bxh6 Rxh6
21. Nf4 exd3 22. Nxd3 Ne5 23. Ke2 Nxd3 24. cxd3 Re6+ 25. Kf3 Rxd3+ 26. Kf4 Rxb3
27. h4 Rbb6 28. h5 c5 29. Rac1 Rbc6 30. Rc3 b6 31. Kg5 a6 32. f4 c4 33. Kxf5
Rc5+ 34. Kg4 Rh6 35. f5 f6 36. Re1 Kd7 37. Re6 Rc6 38. Rxc6 Kxc6 39. Rxc4+ Kb5
40. Re4 a5 41. a4+ Kc5 42. Re8 b5 43. Rc8+ Kb4 44. axb5 Kxb5 45. Rb8+ Kc4 46.
Ra8 Kb4 47. Rb8+ Ka3 48. Rg8 a4 49. Rg6 Rh8 50. Rxf6 Kb2 51. Rb6+ Kc3 52. Ra6
Kd4 53. Rxa4+ Ke5 54. Ra5+ Kf6 55. Ra6+ Kg7 56. Kg5 Rb8 57. Ra7+ Kh8 58. Kh6
Rb6+ 59. Kg5 Kg8 60. h6 Rc6 61. f6 Rc1 62. f7+ Kf8 63. Ra8+ Kxf7 64. h7 Rg1+
65. Kf4 1-0

[Event "XV Festival A"]
[Site "Trieste ITA"]
[Date "2013.09.07"]
[Round "9"]
[White "Al Zayat, Ahmed"]
[Black "Capaliku, Aleks"]
[WhiteElo "2109"]
[BlackElo "2140"]
[Result "1-0"]
[PlyCount "89"]
[EventDate "2013.08.31"]

1. d4 f5 2. Bg5 Nf6 3. Nd2 d5 4. e3 e6 5. Bd3 Bd6 6. Nh3 O-O 7. Nf3 h6 8. Bf4
g5 9. Bxd6 cxd6 10. Nhg1 Nc6 11. c3 e5 12. dxe5 dxe5 13. Bb5 Qe7 14. Ne2 a6 15.
Ba4 b5 16. Bb3 Be6 17. O-O Kg7 18. a4 b4 19. a5 g4 20. Nh4 Ne4 21. g3 bxc3 22.
Nxc3 Nxc3 23. bxc3 Qc5 24. h3 Nxa5 25. hxg4 fxg4 26. Bxd5 Bxd5 27. Qxg4+ Kh8
28. Qh5 Rf6 29. Qxe5 Raf8 30. Ng6+ Kh7 31. Nxf8+ Rxf8 32. e4 Nb3 33. Rad1 Bc4
34. Rd7+ Rf7 35. Qe8 Kg7 36. Rd8 Rf8 37. Qd7+ Rf7 38. Qg4+ Qg5 39. Qc8 Qb5 40.
Rg8+ Kh7 41. Rh8+ Kg6 42. Rd1 Qc5 43. Qg4+ Kf6 44. Rxh6+ Ke7 45. Qh4+ 1-0

[Event "XV Festival A"]
[Site "Trieste ITA"]
[Date "2013.09.07"]
[Round "9"]
[White "Basso, Pier Luigi"]
[Black "Trussevich, Sergey"]
[WhiteElo "2208"]
[BlackElo "2328"]
[Result "1-0"]
[PlyCount "153"]
[EventDate "2013.08.31"]

1. c4 c5 2. Nf3 Nf6 3. g3 Nc6 4. Nc3 d5 5. cxd5 Nxd5 6. Bg2 Nc7 7. O-O e5 8. d3
Be7 9. Nd2 O-O 10. Nc4 f6 11. Be3 Nd4 12. a4 Rb8 13. Nb5 Nc6 14. Nxc7 Qxc7 15.
f4 Be6 16. fxe5 fxe5 17. Qd2 Rbd8 18. Rxf8+ Bxf8 19. Bxc6 Qxc6 20. Nxe5 Qd5 21.
Qc3 Be7 22. Nf3 b6 23. Bf4 Bg4 24. Qc4 Bf6 25. a5 b5 26. Qxd5+ Rxd5 27. Kf2 a6
28. Rb1 g5 29. Bd2 h5 30. b3 Be6 31. h4 gxh4 32. gxh4 Bg4 33. Bg5 Bg7 34. Rc1
Rf5 35. Be3 Bf8 36. d4 cxd4 37. Bxd4 Be7 38. Kg3 Rd5 39. Be3 b4 40. Bb6 Bd7 41.
Nd4 Bf6 42. Kf3 Bg4+ 43. Ke4 Re5+ 44. Kd3 Be7 45. Bc7 Rd5 46. e4 Rd7 47. Bg3
Bd8 48. Rc5 Rg7 49. Be1 Bh3 50. Rxh5 Bf1+ 51. Ke3 Be7 52. Nc6 Bf8 53. Rg5 Bb5
54. Nxb4 Rxg5 55. hxg5 Bc5+ 56. Kf4 Kf7 57. Nd5 Kg6 58. Bb4 Bg1 59. Ne7+ Kg7
60. Nf5+ Kg6 61. Nh4+ Kh5 62. Nf3 Bf2 63. e5 Bd7 64. Be1 Bc5 65. Nd2 Be7 66.
Ne4 Be6 67. b4 Kg6 68. Nf6 Bxf6 69. gxf6 Bc4 70. Ke4 Kf7 71. Kd4 Be2 72. Kd5
Bd3 73. Bc3 Be2 74. e6+ Kf8 75. Bd4 Bh5 76. Bc5+ Ke8 77. f7+ 1-0

[Event "XV Festival A"]
[Site "Trieste ITA"]
[Date "2013.09.07"]
[Round "9"]
[White "Bosiocic, Marin"]
[Black "Tomazini, Zan"]
[WhiteElo "2563"]
[BlackElo "2302"]
[Result "1/2-1/2"]
[PlyCount "102"]
[EventDate "2013.08.31"]

1. e4 e5 2. Nf3 Nc6 3. Nc3 Nf6 4. Bb5 Bd6 5. d3 h6 6. a3 O-O 7. g4 Nh7 8. h4
Ne7 9. g5 h5 10. d4 exd4 11. Nxd4 c6 12. Be2 g6 13. Be3 Bc7 14. Bf3 Ba5 15. Qd2
d5 16. exd5 Bxc3 17. Qxc3 Nxd5 18. Bxd5 Qxd5 19. O-O-O Bg4 20. Rdf1 c5 21. Nb3
Bf3 22. Rhg1 b6 23. Nd2 Rfe8 24. Re1 Bg4 25. Bf4 Nf8 26. Be5 Kh7 27. Bh8 Ne6
28. Ne4 Qa2 29. Be5 Red8 30. b3 Bf5 31. Nf6+ Kg7 32. Nxh5+ Kf8 33. Bg7+ Kg8 34.
Bh6 gxh5 35. Rxe6 Qxc2+ 36. Qxc2 Bxc2 37. Re5 Bd3 38. Rge1 Rd4 39. f4 Kh7 40.
R1e3 Rad8 41. Re7 Rxf4 42. Rxa7 Rf1+ 43. Kd2 Rf2+ 44. Kd1 Bg6+ 45. Ke1 Rh2 46.
Rb7 Bc2 47. Kf1 Rd1+ 48. Re1 Rh1+ 49. Kg2 Rhxe1 50. Rxf7+ Kg6 51. Rf6+ Kh7
1/2-1/2

[Event "XV Festival A"]
[Site "Trieste ITA"]
[Date "2013.09.07"]
[Round "9"]
[White "Bruno, Fabio"]
[Black "Matijevic, Filip"]
[WhiteElo "2421"]
[BlackElo "2136"]
[Result "0-1"]
[PlyCount "98"]
[EventDate "2013.08.31"]

1. d4 Nf6 2. Nf3 g6 3. Bg5 Bg7 4. Nbd2 O-O 5. c3 d6 6. e4 Nbd7 7. Bc4 h6 8. Bh4
e5 9. O-O Qe8 10. Re1 Nh5 11. Bg3 Qe7 12. dxe5 dxe5 13. b4 Nf4 14. Qc2 Re8 15.
Rad1 a5 16. a3 Nb6 17. Bb3 axb4 18. axb4 c5 19. b5 Be6 20. Bxf4 exf4 21. Bd5 c4
22. Bxe6 Qxe6 23. Nd4 Qe7 24. h3 Qc5 25. N2f3 Ra3 26. Ra1 Rea8 27. Rxa3 Qxa3
28. Qd2 Na4 29. e5 Qxc3 30. Qxf4 Nc5 31. Kh2 Nd3 32. Qe3 Bxe5+ 33. Nxe5 Qxe1
34. Nxc4 Qxf2 35. Qxd3 Qf4+ 36. Qg3 Qxd4 37. Ne5 Qd6 38. Qf4 f6 39. Nxg6 Qxf4+
40. Nxf4 Ra5 41. Nd5 Rxb5 42. Nxf6+ Kg7 43. Ne8+ Kg6 44. Nd6 Rb1 45. Kg3 b5 46.
Kf2 b4 47. Nc4 Rc1 48. Nd2 Rc3 49. Ke2 b3 0-1

[Event "XV Festival A"]
[Site "Trieste ITA"]
[Date "2013.09.07"]
[Round "9"]
[White "Cherin, Diego"]
[Black "Scholzen, Wolfgang"]
[WhiteElo "2239"]
[BlackElo "2138"]
[Result "1-0"]
[PlyCount "49"]
[EventDate "2013.08.31"]

1. e4 e6 2. d4 d5 3. Nd2 Nf6 4. e5 Nfd7 5. f4 c5 6. c3 Nc6 7. Ndf3 cxd4 8. cxd4
Qb6 9. a3 f6 10. Bd3 Be7 11. h4 O-O 12. Bc2 fxe5 13. fxe5 Ndxe5 14. dxe5 Nxe5
15. Qd4 Bc5 16. Qxe5 Bxg1 17. Rxg1 Rxf3 18. Rf1 Rxf1+ 19. Kxf1 Bd7 20. Be3 Qb5+
21. Kg1 Qe2 22. Bd4 Qg4 23. Bd1 Qg6 24. Bh5 Qh6 25. g4 1-0

[Event "XV Festival A"]
[Site "Trieste ITA"]
[Date "2013.09.07"]
[Round "9"]
[White "Dvirnyy, Danyyil"]
[Black "Mocchi, Tullio"]
[WhiteElo "2549"]
[BlackElo "2245"]
[Result "1-0"]
[PlyCount "101"]
[EventDate "2013.08.31"]

1. c4 e5 2. g3 Nf6 3. Bg2 c6 4. d4 exd4 5. Qxd4 d5 6. cxd5 cxd5 7. Nf3 Nc6 8.
Qa4 Bd7 9. O-O Be7 10. Nc3 d4 11. Nxd4 Nb4 12. Qb3 Qb6 13. Be3 Ng4 14. a3 Nc6
15. Qxb6 axb6 16. Nxc6 bxc6 17. Bxb6 Rb8 18. Na4 c5 19. Ba7 Rb5 20. Rfd1 Ra5
21. Nb6 Rxa7 22. Rxd7 Rxd7 23. Bc6 Ne5 24. Bb5 Bd6 25. f4 Kd8 26. Rd1 Rb7 27.
Rxd6+ Kc7 28. fxe5 Rxb6 29. Rxb6 Kxb6 30. Bc4 Re8 31. Bxf7 Rxe5 32. Bc4 Re8 33.
Kf2 Rd8 34. Bd3 h6 35. b3 Ra8 36. a4 Rd8 37. Bc4 Rd4 38. Kf3 Ka5 39. h4 g5 40.
hxg5 hxg5 41. e4 Kb6 42. e5 Kc6 43. a5 Kd7 44. a6 Kc7 45. a7 Kb7 46. e6 g4+ 47.
Ke3 Rd8 48. Bb5 Rd6 49. Bd7 Rd1 50. Ke2 Rd4 51. Bc6+ 1-0